| 000 | 00771nam a2200217 a 4500 | ||
|---|---|---|---|
| 001 | 000028658 | ||
| 003 | DO-SdBNP | ||
| 005 | 20250625114305.0 | ||
| 008 | 110411s2010 dr a 000 | spa d | ||
| 020 | _a9789945443615 | ||
| 040 |
_aDO-SdBNP _bspa _cBNPHU _erda |
||
| 082 |
_axxx _bM149g |
||
| 100 | 1 |
_aMachado de Sosa, Sinthia _97014 |
|
| 245 | 1 | 0 |
_aGráficas en el papel moneda de la República Dominicana / _cSinthia Machado de Sosa. |
| 260 |
_aSanto Domingo : _bBanco Central de la República Dominicana, _c2010. |
||
| 300 |
_a114 p. : _bil. ; _c23 cm. |
||
| 490 | 0 |
_aBanco Central de la República Dominicana _v161 |
|
| 490 | 0 |
_aNumismática y filatélica _v13 |
|
| 500 | _aIncluye datos biográficos de la autora en la solapa de la cubierta. | ||
| 942 |
_2ddc _cLBS1 |
||
| 999 |
_c28150 _d28150 |
||